000
00361nam a2200169Ia 4500
003
IT-RoPAU
008
120407s9999 xx 000 0 und d
040
_a
IT-RoPAU
040
_c
IT-RoPAU
245
_a
Encyclopédie Larousse pour la jeunesse
245
_c
AA.VV.
250
_a
Paris
260
_a
Larousse
300
_c
cm
490
_v
1
942
_c
BK
999
_c
7359
_d
7359